000 00818cam a22002897i 4500
001 768714001
003 CO-MdBIC
005 20231120125454.0
007 ta
008 231120t1977 -us||||| |||| 00| 0 eng d
020 _a0-8499-0078-6
040 _bspa.
_aCO-MdFUSB
_cCO-MdFUSB
_dCO-MdFUSBC
_erda
041 _aeng
082 0 4 _aG 230.09 K651m
100 1 _aKliever, Lonnie D.
245 1 0 _aH. Richard Niebuhr / Lonnie D. Kliever
_c/
264 1 _aWaco, TX., USA : Word
_bWord Books, Publisher
_c[1977]
264 4 _c©1977
300 _a205 Pag
_c;
336 _atexto
_btxt
_2rdacontent
337 _2rdamedia
_asin mediación
_bn
338 _2rdacarrier
_avolumen
_bnc
650 7 _aTeología dogmática
_2embne
_96945
_yS.XX
650 2 _aPensamiento religioso
_9959
942 _cBK
945 _aJohan1477
999 _c34173
_d34173